An outline of the Egyptian and Palestine campaigns 1914-1918 (Record no. 552625)

000 -LEADER
fixed length control field 00420nam a22001337a 4500
082 ## - DEWEY DECIMAL CLASSIFICATION NUMBER
Classification number 940.400956
Author Mark BOW
100 ## - MAIN ENTRY--PERSONAL NAME
Personal name Bowman-Manifold, M.G.E
9 (RLIN) 49878
245 ## - TITLE STATEMENT
Title An outline of the Egyptian and Palestine campaigns 1914-1918
Statement of responsibility, etc. M.G.E,Bowman-Manifold,
260 ## - PUBLICATION, DISTRIBUTION, ETC.
Place of publication, distribution, etc. CH.THAM
Name of publisher, distributor, etc. W & J Mackay & Co. Ltd.
Date of publication, distribution, etc. 1928
300 ## - PHYSICAL DESCRIPTION
Extent viii, 100p,:
526 ## - STUDY PROGRAM INFORMATION NOTE
Program name 0
Interest level 0
Reading level 0
Title point value 940_400956000000000_BOW
650 ## - SUBJECT ADDED ENTRY--TOPICAL TERM
Topical term or geographic name entry element MCE
9 (RLIN) 379
942 ## - ADDED ENTRY ELEMENTS (KOHA)
Source of classification or shelving scheme
Koha item type Book
Holdings
Withdrawn status Lost status Source of classification or shelving scheme Damaged status Not for loan Permanent Location Current Location Shelving location Date acquired Total Checkouts Full call number Barcode Date last seen Price effective from Koha item type
          Military College of Engineering (MCE) Military College of Engineering (MCE)   01/20/2015   940.400956 BOW MCE-ECO/15 01/20/2015 01/20/2015 Book
© 2023 Central Library, National University of Sciences and Technology. All Rights Reserved.